[Event "Moia op 7th"]
[Site "Moia"]
[Date "2018.10.05"]
[Round "4"]
[White "Basas Gamazo, Josep"]
[Black "Bellpuig Mencos, Gerard"]
[Result "1-0"]
[WhiteElo "1957"]
[BlackElo "1647"]
[PlyCount "103"]
[EventDate "2018.09.14"]
[EventType "swiss"]
[EventRounds "8"]
[EventCountry "ESP"]
[SourceTitle "CBM 189 Extra"]
[Source "ChessBase"]
[SourceDate "2019.06.03"]
[SourceVersion "1"]
[SourceVersionDate "2019.06.03"]
[SourceQuality "1"]

1. e4 Nf6 2. e5 Nd5 3. d4 d6 4. c4 Nb6 5. exd6 cxd6 6. Nc3 g6 7. Be3 Bg7 8. Rc1 0-0 9. b3 e5 10. dxe5 dxe5 11. Qxd8 Rxd8 12. Nb5 Nc6 13. Nxa7 Nd4 14. Nxc8 Nxc8 15. Bxd4 exd4 16. a4 Ne7 17. Bd3 Nc6 18. Ne2 Nb4 19. Rd1 Re8 20. Kf1 Nxd3 21. Rxd3 Re4 22. g3 Rae8 23. Nf4 g5 24. Nd5 Re2 25. Kg2 Rb2 26. h3 Ree2 27. Rf1 Red2 28. Rxd2 Rxd2 29. c5 Rb2 30. b4 d3 31. Rd1 d2 32. Kf1 Bd4 33. Ke2 Kf8 34. Rxd2 Rxd2+ 35. Kxd2 Bxf2 36. g4 h6 37. Kd3 Kg7 38. Ne3 Kg6 39. Nf5 Kf6 40. Nxh6 Bg3 41. Nf5 Bf4 42. Kc4 Ke6 43. b5 Kd7 44. Kd5 f6 45. Nd4 Be5 46. a5 Kc7 47. Ne6+ Kb8 48. c6 Bc3 49. c7+ Kc8 50. a6 bxa6 51. bxa6 Be5 52. a7 1-0

[Event "Moia op 5th"]
[Site "Moia"]
[Date "2016.11.11"]
[Round "7"]
[White "Basas Gamazo, Josep"]
[Black "Centelles Vivas, Aleix"]
[Result "1/2-1/2"]
[WhiteElo "1950"]
[BlackElo "1813"]
[PlyCount "74"]
[EventDate "2016.09.23"]
[EventType "swiss"]
[EventRounds "8"]
[EventCountry "ESP"]
[SourceTitle "EXT 2018"]
[Source "ChessBase"]
[SourceDate "2017.10.13"]
[SourceVersion "1"]
[SourceVersionDate "2017.10.13"]
[SourceQuality "1"]

1. e4 c5 2. Nf3 d6 3. d4 cxd4 4. Nxd4 Nf6 5. Nc3 g6 6. Be3 Bg7 7. f3 0-0 8. Qd2 Nc6 9. g4 Nxd4 10. Bxd4 Be6 11. 0-0-0 Qa5 12. Kb1 Rfc8 13. a3 Bc4 14. Bxf6 Bxf6 15. Nd5 Qxd2 16. Nxf6+ Kg7 17. Rxd2 Kxf6 18. Bxc4 Rxc4 19. Rd5 Rac8 20. c3 R8c5 21. Rd3 b5 22. Kc2 Rc6 23. h4 R4c5 24. f4 h5 25. g5+ Kg7 26. Rf1 Rc4 27. Re3 e6 28. f5 gxf5 29. exf5 e5 30. Rh1 Rg4 31. Rd3 Kf8 32. f6 Ke8 33. Rhh3 Kd7 34. b3 Rg2+ 35. Rd2 Rg4 36. Rdd3 Rg2+ 37. Rd2 Rg4 1/2-1/2

[Event "Moia op 5th"]
[Site "Moia"]
[Date "2016.10.21"]
[Round "4"]
[White "Basas Gamazo, Josep"]
[Black "Graupera Fabregas, Jordi"]
[Result "0-1"]
[WhiteElo "1950"]
[BlackElo "2004"]
[PlyCount "54"]
[EventDate "2016.09.23"]
[EventType "swiss"]
[EventRounds "8"]
[EventCountry "ESP"]
[SourceTitle "EXT 2018"]
[Source "ChessBase"]
[SourceDate "2017.10.13"]
[SourceVersion "1"]
[SourceVersionDate "2017.10.13"]
[SourceQuality "1"]

1. e4 d5 2. exd5 Nf6 3. c4 e6 4. dxe6 Bxe6 5. d4 Bb4+ 6. Nc3 Ne4 7. Bd2 Qxd4 8. Nxe4 Qxe4+ 9. Be2 Bxd2+ 10. Qxd2 Bxc4 11. 0-0-0 0-0 12. Bf3 Qg6 13. b3 Ba6 14. h4 Nc6 15. Bxc6 Qxc6+ 16. Kb1 Qxg2 17. Nh3 Qg6+ 18. Kb2 Qf6+ 19. Kb1 Rfd8 20. Qe3 Qf5+ 21. Kb2 Re8 22. Qc3 Re2+ 23. Ka3 Rc2 24. Qb4 Qe5 25. Qd4 Qa5+ 26. Qa4 Qc5+ 27. b4 Qc4 0-1

[Event "Moia op 5th"]
[Site "Moia"]
[Date "2016.10.07"]
[Round "3"]
[White "Basas Gamazo, Josep"]
[Black "Rovira Morancho, Miquel"]
[Result "1/2-1/2"]
[WhiteElo "1950"]
[BlackElo "1568"]
[PlyCount "28"]
[EventDate "2016.09.23"]
[EventType "swiss"]
[EventRounds "8"]
[EventCountry "ESP"]
[SourceTitle "EXT 2018"]
[Source "ChessBase"]
[SourceDate "2017.10.13"]
[SourceVersion "1"]
[SourceVersionDate "2017.10.13"]
[SourceQuality "1"]

1. e4 b6 2. d4 Bb7 3. Bd3 Nf6 4. Nc3 e6 5. Nf3 c5 6. Qe2 Be7 7. 0-0 0-0 8. Re1 Nc6 9. e5 Nd5 10. Qe4 f5 11. exf6 Nxf6 12. Qh4 Nb4 13. dxc5 Nxd3 14. cxd3 Ne4 1/2-1/2

[Event "Andorra op 34th"]
[Site "Escaldes"]
[Date "2016.08.03"]
[Round "1"]
[White "Cori, Jorge Moise"]
[Black "Basas Gamazo, Josep"]
[Result "1-0"]
[WhiteElo "2601"]
[BlackElo "1946"]
[PlyCount "80"]
[EventDate "2016.08.03"]
[EventType "swiss"]
[EventRounds "9"]
[EventCountry "AND"]
[SourceTitle "CBM 173 Extra"]
[Source "ChessBase"]
[SourceDate "2016.08.29"]
[SourceVersion "1"]
[SourceVersionDate "2016.08.29"]
[SourceQuality "1"]

1. c4 Nf6 2. g3 g6 3. Bg2 Bg7 4. Nc3 0-0 5. d3 d6 6. Nf3 e5 7. Rb1 a5 8. 0-0 Nbd7 9. a3 Re8 10. Nd2 c6 11. b4 axb4 12. axb4 Nf8 13. Nb3 d5 14. cxd5 Nxd5 15. Nxd5 cxd5 16. Bb2 Bf5 17. Ra1 e4 18. Bxg7 Kxg7 19. Rxa8 Qxa8 20. Nd4 Qc8 21. Qa1 Kg8 22. Rc1 Qd7 23. dxe4 Bxe4 24. f3 Bf5 25. Rd1 Qc8 26. Qa5 Be6 27. Kf2 Nd7 28. Qb5 Ne5 29. Rc1 Qd7 30. Qxd7 Bxd7 31. Rc7 Nc6 32. Rxd7 Nxd4 33. Bf1 Nc2 34. Rxb7 Ne3 35. b5 Kg7 36. b6 Nxf1 37. Kxf1 Re3 38. Rc7 Rb3 39. b7 d4 40. Ke1 Rb2 1-0

[Event "Catalunya-ch Seniors"]
[Site "Vila Seca"]
[Date "2016.05.22"]
[Round "2"]
[White "Basas Gamazo, Josep"]
[Black "Anguera Maestro, Jaime"]
[Result "0-1"]
[WhiteElo "1968"]
[BlackElo "2087"]
[PlyCount "59"]
[EventDate "2016.05.21"]
[EventType "swiss"]
[EventRounds "9"]
[EventCountry "ESP"]
[SourceTitle "CBM 172 Extra"]
[Source "ChessBase"]
[SourceDate "2016.06.21"]
[SourceVersion "1"]
[SourceVersionDate "2016.06.21"]
[SourceQuality "1"]

1. e4 e5 2. Nf3 Nc6 3. Bb5 a6 4. Bxc6 dxc6 5. 0-0 Bg4 6. h3 Bxf3 7. Qxf3 Nf6 8. d3 Bd6 9. Nd2 0-0 10. Nc4 b5 11. Ne3 g6 12. Ng4 Nxg4 13. hxg4 f6 14. Be3 Rf7 15. Rad1 c5 16. c3 Qe7 17. d4 cxd4 18. cxd4 Raf8 19. d5 Kh8 20. Qh3 Rg8 21. Rc1 Qd7 22. Qh4 f5 23. exf5 gxf5 24. f3 f4 25. Bc5 Rfg7 26. Rf2 Rg6 27. Kf1 Qg7 28. Bxd6 cxd6 29. Qh1 Rh6 30. Qg1 0-1

[Event "Moia op 4th"]
[Site "Moia"]
[Date "2015.10.23"]
[Round "6"]
[White "Basas Gamazo, Josep"]
[Black "Benet Saniger, Xavier"]
[Result "1-0"]
[WhiteElo "2084"]
[BlackElo "1986"]
[PlyCount "55"]
[EventDate "2015.09.18"]
[EventType "swiss"]
[EventRounds "8"]
[EventCountry "ESP"]
[SourceTitle "EXT 2017"]
[Source "ChessBase"]
[SourceDate "2016.10.25"]
[SourceVersion "1"]
[SourceVersionDate "2016.10.25"]
[SourceQuality "1"]

1. e4 d5 2. exd5 Nf6 3. c4 e6 4. dxe6 Bxe6 5. Nf3 Bc5 6. d4 Bb4+ 7. Nc3 0-0 8. Bd3 Re8 9. 0-0 Bg4 10. Bg5 Bxc3 11. bxc3 c6 12. h3 Bxf3 13. Qxf3 Nbd7 14. Rfe1 Qa5 15. Rxe8+ Rxe8 16. c5 Nd5 17. c4 N5f6 18. Qd1 Kh8 19. Qd2 Qc7 20. Bf4 Qd8 21. Re1 Nf8 22. Rxe8 Qxe8 23. Qe3 Ne6 24. Be4 Qd8 25. Bf5 Nd7 26. Bd6 Qf6 27. Bg4 Ndf8 28. d5 1-0

[Event "Moia op 4th"]
[Site "Moia"]
[Date "2015.10.16"]
[Round "5"]
[White "Centelles Vivas, Aleix"]
[Black "Basas Gamazo, Josep"]
[Result "1-0"]
[WhiteElo "2021"]
[BlackElo "2084"]
[PlyCount "61"]
[EventDate "2015.09.18"]
[EventType "swiss"]
[EventRounds "8"]
[EventCountry "ESP"]
[SourceTitle "EXT 2017"]
[Source "ChessBase"]
[SourceDate "2016.10.25"]
[SourceVersion "1"]
[SourceVersionDate "2016.10.25"]
[SourceQuality "1"]

1. d4 Nf6 2. c4 g6 3. Nc3 Bg7 4. e4 d6 5. f4 0-0 6. Nf3 c5 7. d5 e6 8. dxe6 fxe6 9. Bd3 Nc6 10. 0-0 a6 11. Bd2 Nd4 12. Nxd4 cxd4 13. Na4 Bd7 14. b4 b5 15. Nb2 bxc4 16. Nxc4 d5 17. Nd6 dxe4 18. Nxe4 Nd5 19. Ng5 Qb6 20. Kh1 Rad8 21. Rc1 Ne3 22. Bxe3 dxe3 23. Qe2 Bc8 24. Rf3 Qxb4 25. Qxe3 Rd6 26. Ne4 Rd4 27. Ng5 Re8 28. Rxc8 Qe7 29. Rxe8+ Qxe8 30. Qxe6+ Qxe6 31. Nxe6 1-0

[Event "Manresa op 31st"]
[Site "Manresa"]
[Date "2014.11.15"]
[Round "8"]
[White "Garriga Biosca, Francesco"]
[Black "Basas Gamazo, Josep"]
[Result "1/2-1/2"]
[WhiteElo "2104"]
[BlackElo "2084"]
[PlyCount "44"]
[EventDate "2014.09.20"]
[EventType "swiss"]
[EventRounds "8"]
[EventCountry "ESP"]
[SourceTitle "EXT 2016"]
[Source "ChessBase"]
[SourceDate "2015.10.08"]
[SourceVersion "1"]
[SourceVersionDate "2015.10.08"]
[SourceQuality "1"]

1. e4 c5 2. Ne2 Nf6 3. Nbc3 d5 4. exd5 Nxd5 5. Nxd5 Qxd5 6. d4 e5 7. Nc3 Qxd4 8. Bb5+ Bd7 9. Qe2 Nc6 10. 0-0 0-0-0 11. Rd1 Qg4 12. Bxc6 Qxe2 13. Bxb7+ Kxb7 14. Nxe2 Be7 15. Be3 Bf5 16. c3 Bc2 17. Rxd8 Rxd8 18. Rc1 Rd1+ 19. Rxd1 Bxd1 20. Kf1 Kc6 21. Ke1 Bxe2 22. Kxe2 e4 1/2-1/2

[Event "Barbera del Valles op 37th"]
[Site "Barbera del Valles"]
[Date "2014.07.08"]
[Round "5"]
[White "Ryan, Joseph"]
[Black "Basas Gamazo, Josep"]
[Result "1-0"]
[WhiteElo "2285"]
[BlackElo "2001"]
[PlyCount "79"]
[EventDate "2014.07.04"]
[EventType "swiss"]
[EventRounds "9"]
[EventCountry "ESP"]
[SourceTitle "CBM 161 Extra"]
[Source "ChessBase"]
[SourceDate "2014.08.29"]
[SourceVersion "1"]
[SourceVersionDate "2014.08.29"]
[SourceQuality "1"]

1. e4 c5 2. Nf3 d6 3. Bb5+ Nc6 4. d4 cxd4 5. Qxd4 Bd7 6. Bxc6 Bxc6 7. c4 Nf6 8. Nc3 g6 9. 0-0 Bg7 10. Qd3 0-0 11. Nd4 Ng4 12. b3 Ne5 13. Qd2 Qb6 14. Rd1 a5 15. a4 Nd7 16. Rb1 Nc5 17. Qe3 Rac8 18. f3 Na6 19. Qf2 Nc5 20. Be3 Qc7 21. Qd2 Qd7 22. Nde2 b6 23. Nf4 Qb7 24. Nfd5 Rfd8 25. Bg5 Rd7 26. Bh6 e5 27. h4 Rf8 28. h5 f6 29. Be3 f5 30. exf5 gxf5 31. h6 Bf6 32. Qf2 f4 33. Bxc5 bxc5 34. Ne4 Bxd5 35. Rxd5 Be7 36. Rbd1 Rc7 37. Qc2 Rb8 38. Nxd6 Qxb3 39. Qf5 Qb6 40. Qf7+ 1-0

[Event "Barbera del Valles op 37th"]
[Site "Barbera del Valles"]
[Date "2014.07.05"]
[Round "2"]
[White "Basas Gamazo, Josep"]
[Black "Bergez, Luc"]
[Result "0-1"]
[WhiteElo "2001"]
[BlackElo "2368"]
[PlyCount "64"]
[EventDate "2014.07.04"]
[EventType "swiss"]
[EventRounds "9"]
[EventCountry "ESP"]
[SourceTitle "CBM 161 Extra"]
[Source "ChessBase"]
[SourceDate "2014.08.29"]
[SourceVersion "1"]
[SourceVersionDate "2014.08.29"]
[SourceQuality "1"]

1. e4 d5 2. exd5 Nf6 3. c4 c6 4. d4 cxd5 5. Nc3 Nc6 6. Nf3 Bg4 7. cxd5 Nxd5 8. Qb3 Bxf3 9. gxf3 Nb6 10. d5 Nd4 11. Qd1 e5 12. dxe6 Qf6 13. Bg2 Qxe6+ 14. Be3 Nf5 15. Qc1 Bc5 16. Ne4 Bxe3 17. fxe3 Rc8 18. Nc3 Nxe3 19. Kf2 0-0 20. Qxe3 Qxe3+ 21. Kxe3 Nc4+ 22. Kf2 Nxb2 23. Ne4 f5 24. Nd6 Rc2+ 25. Kg3 Rf6 26. Rhc1 Rg6+ 27. Kh4 Rh6+ 28. Kg3 f4+ 29. Kxf4 Nd3+ 30. Ke3 Nxc1 31. Ne4 Rxh2 32. Bf1 h5 0-1

[Event "Barbera del Valles op 37th"]
[Site "Barbera del Valles"]
[Date "2014.07.04"]
[Round "1"]
[White "Radovanovic, Jovica"]
[Black "Basas Gamazo, Josep"]
[Result "1/2-1/2"]
[WhiteElo "2330"]
[BlackElo "2001"]
[PlyCount "123"]
[EventDate "2014.07.04"]
[EventType "swiss"]
[EventRounds "9"]
[EventCountry "ESP"]
[SourceTitle "CBM 161 Extra"]
[Source "ChessBase"]
[SourceDate "2014.08.29"]
[SourceVersion "1"]
[SourceVersionDate "2014.08.29"]
[SourceQuality "1"]

1. Nf3 Nf6 2. d4 g6 3. c4 Bg7 4. Nc3 0-0 5. e4 d6 6. Be2 e5 7. d5 Nbd7 8. Bg5 h6 9. Bh4 g5 10. Bg3 Nc5 11. Nd2 a5 12. 0-0 Ne8 13. Nb3 b6 14. Nxc5 bxc5 15. Qc2 f5 16. exf5 Bxf5 17. Bd3 Bxd3 18. Qxd3 Qd7 19. Rae1 Qf5 20. Qxf5 Rxf5 21. Re2 Rf7 22. Ne4 Nf6 23. Nxf6+ Bxf6 24. Rc1 Rff8 25. f3 Rfb8 26. Rcc2 a4 27. Be1 Kf7 28. g4 Rb6 29. Bc3 Kg6 30. Kg2 Rbb8 31. Re4 Rh8 32. Bd2 Rh7 33. Be1 Rhh8 34. Kf1 Rhb8 35. Ke2 Rh8 36. Kd1 Kf7 37. Rc3 Rhb8 38. Kc1 Ke8 39. Ra3 Kd7 40. Kb1 Rb6 41. Kc1 Rbb8 42. Bc3 c6 43. dxc6+ Kxc6 44. b3 axb3 45. Rxa8 Rxa8 46. axb3 h5 47. gxh5 Rh8 48. Be1 Rxh5 49. Bg3 Rh8 50. Kc2 Ra8 51. Kb1 Rf8 52. Re3 Ra8 53. Kc2 Ra3 54. Kb2 Ra8 55. Kb1 Ra3 56. Kb2 Ra8 57. Kb1 Kd7 58. Re2 Rb8 59. Kc2 Ra8 60. Kb1 Ra3 61. Kb2 Ra8 62. Kb1 1/2-1/2

[Event "Catalunya-ch Seniors 30th"]
[Site "Barcelona"]
[Date "2014.05.19"]
[Round "3"]
[White "Basas Gamazo, Josep"]
[Black "Tejero Royo, Fermin"]
[Result "1/2-1/2"]
[WhiteElo "2083"]
[BlackElo "2200"]
[PlyCount "31"]
[EventDate "2014.05.17"]
[EventType "swiss"]
[EventRounds "9"]
[EventCountry "ESP"]
[SourceTitle "CBM 160 Extra"]
[Source "ChessBase"]
[SourceDate "2014.07.01"]
[SourceVersion "1"]
[SourceVersionDate "2014.07.01"]
[SourceQuality "1"]

1. e4 e5 2. Nf3 Nc6 3. Bb5 a6 4. Bxc6 dxc6 5. 0-0 Bg4 6. h3 h5 7. d3 Bxf3 8. Qxf3 Bd6 9. Nd2 g5 10. Nc4 Qe7 11. Qf5 f6 12. h4 gxh4 13. f4 Nh6 14. Qxh5+ Nf7 15. Qf5 Nh6 16. Qh5+ 1/2-1/2

[Event "Moia op 1st"]
[Site "Moia"]
[Date "2013.06.16"]
[Round "5"]
[White "Basas Gamazo, Josep"]
[Black "Centelles Vivas, Aleix"]
[Result "1-0"]
[WhiteElo "2012"]
[BlackElo "1774"]
[PlyCount "113"]
[EventDate "2013.05.19"]
[EventType "swiss"]
[EventRounds "8"]
[EventCountry "ESP"]
[SourceTitle "EXT 2014"]
[Source "ChessBase"]
[SourceDate "2013.11.20"]
[SourceVersion "1"]
[SourceVersionDate "2013.11.20"]
[SourceQuality "1"]

1. e4 c6 2. d4 d5 3. exd5 cxd5 4. c4 Nf6 5. Nc3 h6 6. Nf3 e6 7. cxd5 Nxd5 8. Qb3 Nxc3 9. bxc3 Bd6 10. Ba3 0-0 11. Bd3 b6 12. Be4 Nc6 13. Bxc6 Rb8 14. Bxd6 Qxd6 15. Bb5 Bb7 16. Be2 Bd5 17. Qb2 Rbc8 18. 0-0 Rfd8 19. Rac1 Bb7 20. Ne5 a6 21. Bf3 Bxf3 22. Nxf3 b5 23. Rfe1 Rc7 24. Ne5 Rdc8 25. h3 Qb6 26. Nd3 Qd6 27. Nc5 Rc6 28. Re5 Qc7 29. Rce1 Re8 30. Qb3 Qc8 31. a4 Rb6 32. axb5 Rxb5 33. Qc4 Qc6 34. Qa2 a5 35. f4 Reb8 36. Na4 Rxe5 37. fxe5 Qb5 38. Nc5 Ra8 39. Rb1 Qc6 40. Qa4 Qd5 41. Qb3 Qc6 42. Qb7 Qxb7 43. Rxb7 a4 44. Rb2 a3 45. Ra2 Kf8 46. Ne4 Ke7 47. Nd2 Kd7 48. Nb1 Kc6 49. Rxa3 Rxa3 50. Nxa3 Kd5 51. Kf2 f6 52. exf6 gxf6 53. Ke3 h5 54. c4+ Kc6 55. Ke4 Kd6 56. g4 hxg4 57. hxg4 1-0

[Event "ESP-ch Seniors 28th"]
[Site "Santa Susanna"]
[Date "2012.05.17"]
[Round "7"]
[White "Basas Gamazo, Josep"]
[Black "Lluverol Torrents, Salvador"]
[Result "0-1"]
[WhiteElo "2042"]
[BlackElo "2028"]
[PlyCount "88"]
[EventDate "2012.05.11"]
[EventType "swiss"]
[EventRounds "9"]
[EventCountry "ESP"]
[SourceTitle "CBM 148 Extra"]
[Source "ChessBase"]
[SourceDate "2012.06.22"]
[SourceVersion "1"]
[SourceVersionDate "2012.06.22"]
[SourceQuality "1"]

1. e4 c5 2. Nf3 Nc6 3. d4 cxd4 4. Nxd4 g6 5. Nc3 Bg7 6. Be3 Nf6 7. Nxc6 bxc6 8. e5 Ng8 9. Bd4 Qa5 10. e6 Nf6 11. exf7+ Kxf7 12. Qd3 d5 13. 0-0-0 Bf5 14. Qa6 Qc7 15. Re1 Ng4 16. Bxg7 Kxg7 17. Qe2 Qf4+ 18. Kb1 Qxf2 19. h3 Qxe2 20. Rxe2 Nf6 21. Rxe7+ Kh6 22. Bd3 Rhe8 23. Rhe1 Ne4 24. Rxe8 Rxe8 25. Bxe4 Bxe4 26. Nxe4 dxe4 27. Kc1 Kg5 28. g3 h5 29. Kd2 h4 30. Rg1 hxg3 31. Rxg3+ Kf5 32. Ke3 g5 33. b4 Rd8 34. Rg1 Rh8 35. Rh1 Rd8 36. Rf1+ Ke5 37. Rh1 a6 38. Re1 Kf5 39. Rh1 Rh8 40. c3 Ke5 41. Rh2 Rh4 42. c4 Rh6 43. Rg2 Rxh3+ 44. Ke2 Kf4 0-1

[Event "ESP-ch Seniors 28th"]
[Site "Santa Susanna"]
[Date "2012.05.16"]
[Round "6"]
[White "Tejero Royo, Fermin"]
[Black "Basas Gamazo, Josep"]
[Result "1/2-1/2"]
[WhiteElo "2132"]
[BlackElo "2042"]
[PlyCount "77"]
[EventDate "2012.05.11"]
[EventType "swiss"]
[EventRounds "9"]
[EventCountry "ESP"]
[SourceTitle "CBM 148 Extra"]
[Source "ChessBase"]
[SourceDate "2012.06.22"]
[SourceVersion "1"]
[SourceVersionDate "2012.06.22"]
[SourceQuality "1"]

1. d4 Nf6 2. c4 g6 3. Nc3 Bg7 4. e4 d6 5. f3 0-0 6. Be3 e5 7. d5 Nh5 8. Qd2 f5 9. exf5 gxf5 10. Bd3 Nd7 11. 0-0-0 Nc5 12. Bc2 a5 13. Nge2 Bd7 14. Bh6 Qe8 15. Rhg1 Bxh6 16. Qxh6 Qg6 17. Qd2 Qf7 18. Ng3 Nf4 19. Nce2 Nxe2+ 20. Nxe2 Kh8 21. f4 e4 22. Qd4+ Qf6 23. Qxf6+ Rxf6 24. Nd4 Rg6 25. Kd2 Kg7 26. b3 Kf6 27. g3 Rag8 28. a3 h5 29. Ne2 Rh8 30. Ra1 h4 31. Ke3 hxg3 32. hxg3 Rgh6 33. b4 axb4 34. axb4 Na6 35. Rab1 Rg6 36. Rg2 Rg7 37. Nd4 Rh3 38. Kf2 Rgh7 39. Ne2 1/2-1/2

[Event "Catalunya Central 26th A"]
[Site "Manessa"]
[Date "2010.01.08"]
[Round "8.5"]
[White "Basas Gamazo, Josep"]
[Black "Del Valle Cirera, Adria"]
[Result "0-1"]
[WhiteElo "2074"]
[BlackElo "2236"]
[PlyCount "76"]
[EventDate "2009.11.06"]
[EventType "swiss"]
[EventRounds "9"]
[EventCountry "ESP"]
[SourceTitle "EXT 2024"]
[Source "ChessBase"]
[SourceDate "2023.10.10"]
[SourceVersion "1"]
[SourceVersionDate "2023.10.10"]
[SourceQuality "1"]

1. e4 c5 2. Nf3 a6 3. c4 Nc6 4. d4 cxd4 5. Nxd4 Nf6 6. Nc3 e6 7. Nxc6 dxc6 8. Qxd8+ Kxd8 9. Bg5 Be7 10. Be2 h6 11. Bf4 Bb4 12. f3 b5 13. 0-0 Ke7 14. Rfd1 Bb7 15. a4 Bc5+ 16. Kf1 b4 17. Nb1 Nh5 18. Be5 f6 19. Bd4 Bxd4 20. Rxd4 Nf4 21. g3 e5 22. Rd1 Ne6 23. Nd2 Nd4 24. Kf2 a5 25. Nf1 Rad8 26. Ne3 g6 27. Rd3 Bc8 28. g4 h5 29. g5 fxg5 30. Rg1 Ne6 31. Rgd1 Rxd3 32. Rxd3 Rf8 33. Ke1 Nd4 34. Bd1 Be6 35. b3 Ke8 36. Nc2 c5 37. Kd2 g4 38. Nxd4 exd4 0-1